Международно-правовая защита национально-культурного достояния народов

Бібліографічні деталі
Автор: Хазов Е. Н. Евгений Николаевич
Інші автори: Хазова В. Е. Виктория Евгеньевна
Резюме:Рассматриваются теоретические и практические проблемы, связанные с международно-правовой защитой национально-культурного достояния народов. Практическая значимость работы состоит в том, что выводы и предложения, сформулированные в монографии, могут быть использованы: при совершенствовании действующих и разработке новых нормативно-правовых актов в области защиты национально-культурного достояния народов; в правоприменительной и правоохранительной деятельности органов внутренних дел; в учебном процессе высших, среднеспециальных и средних учебных заведений при изучении вопросов, связанных с защитой национального и культурного достояния народов, ее международно-правовыми формами.
Мова:Російська
Опубліковано: Москва, ЮНИТИ-ДАНА, 2009
Предмети:
Формат: Книга
KOHA link:https://koha.lib.tpu.ru/cgi-bin/koha/opac-detail.pl?biblionumber=166444

MARC

LEADER 00000nam0a2200000 4500
001 166444
005 20231101222626.0
010 |a 9785238014692 
035 |a (RuTPU)RU\TPU\book\180552 
090 |a 166444 
100 |a 20091002d2009 km y0rusy50 ca 
101 0 |a rus 
102 |a RU 
105 |a y z 001zy 
200 1 |a Международно-правовая защита национально-культурного достояния народов  |f Е. Н. Хазов, В. Е. Хазова 
210 |a Москва  |c ЮНИТИ-ДАНА  |c Закон и право  |d 2009 
215 |a 159 с. 
320 |a Библиогр.: с. 138-154. 
330 |a Рассматриваются теоретические и практические проблемы, связанные с международно-правовой защитой национально-культурного достояния народов. Практическая значимость работы состоит в том, что выводы и предложения, сформулированные в монографии, могут быть использованы: при совершенствовании действующих и разработке новых нормативно-правовых актов в области защиты национально-культурного достояния народов; в правоприменительной и правоохранительной деятельности органов внутренних дел; в учебном процессе высших, среднеспециальных и средних учебных заведений при изучении вопросов, связанных с защитой национального и культурного достояния народов, ее международно-правовыми формами. 
606 1 |a Культурные ценности  |x Международно-правовая защита  |2 stltpush  |3 (RuTPU)RU\TPU\subj\68935  |9 83998 
610 1 |a право 
610 1 |a правовая защита 
610 1 |a международное право 
610 1 |a национальное достояние 
610 1 |a нарушения 
610 1 |a контроль 
610 1 |a ответственность 
610 1 |a вооруженные конфликты 
610 1 |a хищения 
610 1 |a международное сотрудничество 
610 1 |a учебные пособия 
686 |a Х916я73  |v LBC/SL-A  |2 rubbk 
700 1 |a Хазов  |b Е. Н.  |g Евгений Николаевич 
701 1 |a Хазова  |b В. Е.  |g Виктория Евгеньевна 
801 1 |a RU  |b 63413507  |c 20091002 
801 2 |a RU  |b 63413507  |c 20230314  |g RCR 
942 |c BK 
959 |a 101/20090930  |d 1  |e 250,00  |f ЧЗГЛ:1